Land disposal in local authority hands (Record no. 73156)
[ view plain ]
| 000 -LEADER | |
|---|---|
| fixed length control field | 01232cam a2200205 4500 |
| 001 - CONTROL NUMBER | |
| control field | WB3930-17 |
| 008 - FIXED-LENGTH DATA ELEMENTS--GENERAL INFORMATION | |
| fixed length control field | 030804n2003 000 0 eng u |
| 035 ## - SYSTEM CONTROL NUMBER | |
| System control number | (Sirsi) u123182 |
| 245 ## - TITLE STATEMENT | |
| Title | Land disposal in local authority hands |
| 260 ## - PUBLICATION, DISTRIBUTION, ETC. | |
| Date of publication, distribution, etc. | 2003 |
| 490 ## - SERIES STATEMENT | |
| Series statement | ODPM News Release |
| Volume/sequential designation | (0160) 4 August 2003 (2) |
| 520 ## - SUMMARY, ETC. | |
| Summary, etc. | The new General Disposal Consent 2003, which came into effect with the publication of ODPM Circular 06/2003, will give local authorities greater freedom to exercise discretion in the disposal of their land. In certain circumstances local authorities will be able to sell off land for less than its market value without having to obtain the Secretary of State's permission. ODPM Circular 06/2003 provides guidance to local authorities on their disposal powers under the Local Government Act 1972 s123 and s127 and is available at www.odpm.gov.uk/stellent/groups/odpm_planning/documents/page/odpm_plan_023358.hcsp#P35_2483. www.odpm.gov.uk/pns/DisplayPN.cgi?pn_id=2003_0160 |
| 590 ## - LOCAL NOTE (RLIN) | |
| Local note | WB |
| 650 ## - SUBJECT ADDED ENTRY--TOPICAL TERM | |
| Topical term or geographic name entry element | LAND DISPOSAL |
| 650 ## - SUBJECT ADDED ENTRY--TOPICAL TERM | |
| Topical term or geographic name entry element | LOCAL AUTHORITIES |
| 650 ## - SUBJECT ADDED ENTRY--TOPICAL TERM | |
| Topical term or geographic name entry element | ODPM CIRCULAR 06/2003 |
| 650 ## - SUBJECT ADDED ENTRY--TOPICAL TERM | |
| Topical term or geographic name entry element | Land use |
| 9 (RLIN) | 6251 |
| 690 ## - LOCAL SUBJECT ADDED ENTRY--TOPICAL TERM (OCLC, RLIN) | |
| Topical term or geographic name as entry element | ENVIRONMENTAL AND LAND CONSULTANCY-PLANNING AND DEVELOPMENT |
| 942 ## - ADDED ENTRY ELEMENTS (KOHA) | |
| Suppress in OPAC | 0 |
| Withdrawn status | Lost status | Source of classification or shelving scheme | Damaged status | Not for loan | Home library | Current library | Shelving location | Date acquired | Total Checkouts | Full call number | Barcode | Date last seen | Copy number | Price effective from | Koha item type |
|---|---|---|---|---|---|---|---|---|---|---|---|---|---|---|---|
| Dewey Decimal Classification | London | London | News article | 04/08/2003 | WB3930-17 | 123182-1001 | 06/08/2019 | 1 | 06/08/2019 | News article |